| 000 | 00528nam a2200145Ia 4500 | ||
|---|---|---|---|
| 008 | 100204s9999 xx 000 0 und d | ||
| 082 | _b16593 | ||
| 100 | _aदेसाई नयनतारा | ||
| 245 | _aपराक्रमाची शर्थ जाहली | ||
| 260 |
_bदिलीपराज प्रकाशन _c1993 |
||
| 300 | _a281 | ||
| 630 | _aपराक्रमाची शर्थ जाहली | ||
| 730 | _aपराक्रमाची शर्थ जाहली | ||
| 942 | _cBOOK | ||
| 999 |
_c461016 _d461013 |
||